[Event "HUN-chT2 Toth 1819"]
[Site "Hungary"]
[Date "2019.03.31"]
[Round "10.4"]
[White "Retkes, Peter"]
[Black "Donko, Matyas"]
[Result "1-0"]
[WhiteElo "2084"]
[BlackElo "1928"]
[PlyCount "57"]
[EventDate "2018.09.23"]
[EventType "team-tourn"]
[EventRounds "11"]
[EventCountry "HUN"]
[SourceTitle "EXT 2021"]
[Source "ChessBase"]
[SourceDate "2020.10.23"]
[SourceVersion "1"]
[SourceVersionDate "2020.10.23"]
[SourceQuality "1"]
[WhiteTeam "Szeged Meritum"]
[BlackTeam "Kecskemet Takisz"]
[WhiteTeamCountry "HUN"]
[BlackTeamCountry "HUN"]

1. e4 c5 2. Nf3 g6 3. d4 cxd4 4. Qxd4 Nf6 5. e5 Nc6 6. Qa4 Nd5 7. Qe4 Nc7 8. Nc3 Bg7 9. Bf4 0-0 10. Bc4 b5 11. Bb3 Bb7 12. Qe2 Ne6 13. Bxe6 fxe6 14. Bg3 a6 15. 0-0-0 Qc7 16. h4 Rf5 17. h5 b4 18. Na4 Nxe5 19. Nd4 Rxh5 20. Rxh5 gxh5 21. Re1 Qa5 22. Bxe5 Qxa4 23. Bxg7 Kxg7 24. Qe5+ Kh6 25. Rh1 Kg6 26. Qxh5+ Kf6 27. Rh4 b3 28. Rf4+ Kg7 29. Rf7+ 1-0

[Event "HUN-chT2 Toth 1819"]
[Site "Hungary"]
[Date "2019.03.10"]
[Round "9.4"]
[White "Retkes, Peter"]
[Black "Gombos, Janos"]
[Result "1-0"]
[WhiteElo "2084"]
[BlackElo "1964"]
[PlyCount "65"]
[EventDate "2018.09.23"]
[EventType "team-tourn"]
[EventRounds "11"]
[EventCountry "HUN"]
[SourceTitle "EXT 2021"]
[Source "ChessBase"]
[SourceDate "2020.10.23"]
[SourceVersion "1"]
[SourceVersionDate "2020.10.23"]
[SourceQuality "1"]
[WhiteTeam "Szeged Meritum"]
[BlackTeam "Gyula"]
[WhiteTeamCountry "HUN"]
[BlackTeamCountry "HUN"]

1. d4 Nf6 2. c4 g6 3. Nc3 Bg7 4. e4 d6 5. f3 0-0 6. Nge2 e5 7. Bg5 c6 8. Qd2 Qa5 9. d5 cxd5 10. cxd5 Nbd7 11. Rb1 a6 12. Nc1 b5 13. b4 Qc7 14. Nb3 Nb6 15. Na5 Bd7 16. Be2 Rac8 17. Rc1 Na4 18. Nxa4 Qxc1+ 19. Qxc1 Rxc1+ 20. Bxc1 bxa4 21. Bxa6 Ra8 22. Bd3 Ne8 23. Be3 Rb8 24. a3 Bf6 25. Kd2 Bd8 26. Nc4 Bb5 27. Rc1 Kf8 28. g3 f6 29. Na5 Bd7 30. Nc6 Bxc6 31. Rxc6 Ra8 32. b5 Rb8 33. Ba7 1-0

[Event "HUN-chT2 Toth 1718"]
[Site "Hungary"]
[Date "2018.01.28"]
[Round "7.3"]
[White "Retkes, Peter"]
[Black "Nagy, Zoltan5555"]
[Result "1/2-1/2"]
[WhiteElo "2060"]
[BlackElo "2113"]
[PlyCount "64"]
[EventDate "2017.09.24"]
[EventType "team-tourn"]
[EventRounds "11"]
[EventCountry "HUN"]
[SourceTitle "EXT 2021"]
[Source "ChessBase"]
[SourceDate "2020.10.23"]
[SourceVersion "1"]
[SourceVersionDate "2020.10.23"]
[SourceQuality "1"]
[WhiteTeam "Szeged Meritum"]
[BlackTeam "Szeged Maroczy II"]
[WhiteTeamCountry "HUN"]
[BlackTeamCountry "HUN"]

1. e4 e5 2. f4 exf4 3. Nf3 d5 4. exd5 Qxd5 5. Nc3 Qa5 6. Bb5+ Bd7 7. Qe2+ Be7 8. 0-0 Bxb5 9. Qxb5+ Qxb5 10. Nxb5 Na6 11. Re1 f6 12. d3 g5 13. h4 h6 14. Nfd4 c6 15. Nd6+ Kd7 16. Nxb7 Rb8 17. Na5 Bb4 18. Naxc6 Bxe1 19. Nxb8+ Nxb8 20. Bxf4 gxf4 21. Rxe1 Ne7 22. Kf2 Nbc6 23. Nxc6 Nxc6 24. Re4 Rb8 25. b3 Rb4 26. c4 a5 27. Kf3 a4 28. Kxf4 axb3 29. axb3 Rxb3 30. g4 Rxd3 31. g5 fxg5+ 32. hxg5 hxg5+ 1/2-1/2

[Event "HUN-chT2 Toth 1617"]
[Site "Hungary"]
[Date "2017.04.09"]
[Round "11.2"]
[White "Nagy, Tibor1111"]
[Black "Retkes, Peter"]
[Result "1-0"]
[WhiteElo "1942"]
[BlackElo "1997"]
[PlyCount "143"]
[EventDate "2016.09.25"]
[EventType "team-tourn"]
[EventRounds "11"]
[EventCountry "HUN"]
[SourceTitle "EXT 2021"]
[Source "ChessBase"]
[SourceDate "2020.10.23"]
[SourceVersion "1"]
[SourceVersionDate "2020.10.23"]
[SourceQuality "1"]
[WhiteTeam "Nadudvar"]
[BlackTeam "Szeged Meritum"]
[WhiteTeamCountry "HUN"]
[BlackTeamCountry "HUN"]

1. g3 e5 2. d3 f5 3. Bg2 Nf6 4. e4 fxe4 5. dxe4 Bc5 6. Bg5 d6 7. Nc3 0-0 8. f3 c6 9. Qd3 b5 10. Bxf6 Rxf6 11. Nge2 Be6 12. f4 Qb6 13. Rf1 Na6 14. a4 Nb4 15. Qd1 Bd4 16. axb5 cxb5 17. Nxd4 Qxd4 18. Rf2 Nc6 19. Nxb5 Qb4+ 20. Nc3 Qxb2 21. Na4 Qd4 22. Qxd4 Nxd4 23. f5 Bc8 24. c3 Nb3 25. Ra3 Nc5 26. Nxc5 dxc5 27. Ra5 Rc6 28. Bf1 a6 29. Bc4+ Kf8 30. Bd5 Bd7 31. Bxc6 Bxc6 32. Rxc5 Bxe4 33. Rxe5 Bd3 34. Ra2 Kf7 35. Raa5 Rb8 36. Red5 Bb5 37. Rd4 Rc8 38. Kd2 Kf6 39. h4 Ke5 40. g4 h5 41. g5 Rc5 42. Rb4 Rd5+ 43. Kc1 Kxf5 44. c4 Bxc4 45. Rxd5+ Bxd5 46. Ra4 Bb3 47. Rb4 Bd5 48. Kd2 a5 49. Rb5 Ke4 50. Rxa5 Be6 51. Ke2 Kf4 52. Kf2 Kg4 53. Ra4+ Kh3 54. Kf3 Bg4+ 55. Kf4 Kxh4 56. Ra7 g6 57. Rg7 Bf5 58. Rh7 Bb1 59. Rb7 Bf5 60. Rb5 Bd7 61. Rd5 Bc8 62. Rd8 Bf5 63. Rd1 Kh3 64. Rh1+ Kg2 65. Rxh5 gxh5 66. Kxf5 h4 67. g6 h3 68. g7 h2 69. g8Q+ Kf2 70. Qa2+ Kg1 71. Kf4 h1Q 72. Kg3 1-0

[Event "HUN-chT2 Erkel 1516"]
[Site "Hungary"]
[Date "2015.11.29"]
[Round "5.9"]
[White "Kutas, Balazs"]
[Black "Retkes, Peter"]
[Result "1/2-1/2"]
[WhiteElo "1800"]
[BlackElo "1968"]
[PlyCount "136"]
[EventDate "2015.09.13"]
[EventType "team-tourn"]
[EventRounds "11"]
[EventCountry "HUN"]
[SourceTitle "CBM 170 Extra"]
[Source "ChessBase"]
[SourceDate "2016.02.25"]
[SourceVersion "1"]
[SourceVersionDate "2016.02.25"]
[SourceQuality "1"]
[WhiteTeam "Salgotarjan"]
[BlackTeam "Budapest MTK II"]
[WhiteTeamCountry "HUN"]
[BlackTeamCountry "HUN"]

1. e4 c6 2. d4 d5 3. Nc3 dxe4 4. Nxe4 Bf5 5. Ng3 Bg6 6. Nf3 Nd7 7. Bc4 e6 8. 0-0 Ngf6 9. c3 Bd6 10. Re1 0-0 11. Bg5 h6 12. Bh4 Qc7 13. Qe2 Rae8 14. Bxf6 Nxf6 15. Ne5 Bxe5 16. Qxe5 Qb6 17. Bb3 a5 18. Qe2 c5 19. Rad1 Rd8 20. dxc5 Qxc5 21. Bc2 Bxc2 22. Qxc2 Qb6 23. h3 Qc6 24. Rd2 Rd5 25. Red1 Rfd8 26. Rxd5 Rxd5 27. Rxd5 Nxd5 28. Qe4 Qb6 29. Qc2 Qd6 30. Qa4 Qd8 31. Qd4 Qg5 32. c4 Nb4 33. a3 Nc6 34. Qd7 Qc1+ 35. Kh2 Qxb2 36. Qe8+ Kh7 37. Qxf7 Qxa3 38. Qxb7 Qd6 39. Qb5 Qc7 40. Kg1 Nd4 41. Qa6 Qe5 42. Qa8 Qe1+ 43. Kh2 Qxf2 44. Qe4+ Nf5 45. Nxf5 exf5 46. Qc6 Qc2 47. c5 a4 48. Qa6 f4 49. Qa8 Qxc5 50. Qxa4 Qc7 51. Qe4+ g6 52. Kg1 h5 53. Kf2 Kh6 54. Kf3 g5 55. Qe6+ Kg7 56. Qf5 Qe7 57. Kf2 Qf6 58. Qd7+ Kh6 59. Kf3 Qc3+ 60. Kf2 Qc2+ 61. Kf1 Qb1+ 62. Kf2 Qb6+ 63. Kf1 Qb1+ 64. Kf2 Qa2+ 65. Kf1 Kg6 66. Qe8+ Qf7 67. Qe4+ Kf6 68. h4 Qg6 1/2-1/2

[Event "HUN-chT U18"]
[Site "Budapest"]
[Date "2015.08.27"]
[Round "2.13"]
[White "Retkes, Peter"]
[Black "Markoja, Boris"]
[Result "1/2-1/2"]
[WhiteElo "1944"]
[BlackElo "2310"]
[PlyCount "65"]
[EventDate "2015.08.26"]
[EventType "team-swiss"]
[EventRounds "8"]
[EventCountry "HUN"]
[SourceTitle "EXT 2016"]
[Source "ChessBase"]
[SourceDate "2015.10.08"]
[SourceVersion "1"]
[SourceVersionDate "2015.10.08"]
[SourceQuality "1"]

1. e4 e6 2. d4 d5 3. Be3 dxe4 4. Nd2 Nf6 5. f3 Nd5 6. Qe2 Nc6 7. c3 Be7 8. fxe4 Nxe3 9. Qxe3 Bg5 10. Qf2 e5 11. d5 Ne7 12. Ngf3 Bf6 13. Bb5+ c6 14. dxc6 bxc6 15. Bc4 Ng6 16. g3 0-0 17. 0-0 Be7 18. b4 a5 19. a3 Kh8 20. Qe3 Qc7 21. Nb3 Bh3 22. Rfe1 axb4 23. axb4 Rxa1 24. Rxa1 Bg4 25. Ng5 Bxg5 26. Qxg5 Bh3 27. Rd1 h6 28. Qd2 Qe7 29. Bf1 Bg4 30. Be2 Bh3 31. Bf1 Bg4 32. Be2 Bh3 33. Bf1 1/2-1/2

[Event "HUN-chT2 Toth 1314"]
[Site "Hungary"]
[Date "2014.04.27"]
[Round "11.6"]
[White "Retkes, Peter"]
[Black "Kerekes, Attila"]
[Result "1-0"]
[WhiteElo "1861"]
[BlackElo "2127"]
[PlyCount "21"]
[EventDate "2013.09.08"]
[EventType "team-tourn"]
[EventRounds "11"]
[EventCountry "HUN"]
[SourceTitle "EXT 2016"]
[Source "ChessBase"]
[SourceDate "2015.10.08"]
[SourceVersion "1"]
[SourceVersionDate "2015.10.08"]
[SourceQuality "1"]
[WhiteTeam "Roszke"]
[BlackTeam "Bekes"]
[WhiteTeamCountry "HUN"]
[BlackTeamCountry "HUN"]

1. e4 c5 2. Nf3 e6 3. c3 d6 4. d4 Qc7 5. Bf4 Nf6 6. Nbd2 Be7 7. Bd3 Nbd7 8. e5 dxe5 9. Bxe5 Nxe5 10. dxe5 Ng4 11. Qa4+ 1-0

[Event "HUN-chT2 Toth 1314"]
[Site "Hungary"]
[Date "2014.02.16"]
[Round "7.6"]
[White "Retkes, Peter"]
[Black "Gombos, Janos"]
[Result "0-1"]
[WhiteElo "1861"]
[BlackElo "2024"]
[PlyCount "44"]
[EventDate "2013.09.08"]
[EventType "team-tourn"]
[EventRounds "11"]
[EventCountry "HUN"]
[SourceTitle "EXT 2016"]
[Source "ChessBase"]
[SourceDate "2015.10.08"]
[SourceVersion "1"]
[SourceVersionDate "2015.10.08"]
[SourceQuality "1"]
[WhiteTeam "Roszke"]
[BlackTeam "Gyula"]
[WhiteTeamCountry "HUN"]
[BlackTeamCountry "HUN"]

1. e4 e5 2. f4 exf4 3. Nf3 d5 4. exd5 Qxd5 5. Nc3 Qa5 6. Bc4 Bd6 7. d4 Ne7 8. 0-0 0-0 9. Ne4 Ng6 10. Bb3 Bg4 11. c4 Nh4 12. Nxd6 cxd6 13. Bxf4 Nxf3+ 14. gxf3 Bh3 15. Re1 Qd8 16. d5 Qf6 17. Qd2 Nd7 18. Bc2 Rfe8 19. Be4 Ne5 20. Bxe5 Rxe5 21. Kh1 Rae8 22. Qd4 Rxe4 0-1

[Event "HUN-chT2 Toth 1314"]
[Site "Hungary"]
[Date "2013.10.20"]
[Round "3.4"]
[White "Egyed, Gabor"]
[Black "Retkes, Peter"]
[Result "0-1"]
[WhiteElo "2072"]
[BlackElo "1861"]
[PlyCount "72"]
[EventDate "2013.09.08"]
[EventType "team-tourn"]
[EventRounds "11"]
[EventCountry "HUN"]
[SourceTitle "EXT 2016"]
[Source "ChessBase"]
[SourceDate "2015.10.08"]
[SourceVersion "1"]
[SourceVersionDate "2015.10.08"]
[SourceQuality "1"]
[WhiteTeam "Karcag"]
[BlackTeam "Roszke"]
[WhiteTeamCountry "HUN"]
[BlackTeamCountry "HUN"]

1. e4 c6 2. d4 d5 3. f3 dxe4 4. fxe4 e5 5. Nf3 Bg4 6. Bc4 Nd7 7. 0-0 Ngf6 8. c3 b5 9. Bb3 Be7 10. h3 Bxf3 11. Qxf3 c5 12. Bd5 Rc8 13. a4 b4 14. cxb4 cxd4 15. g4 0-0 16. Bb3 Bxb4 17. g5 Ne8 18. Na3 Bxa3 19. bxa3 Nd6 20. Ra2 Rc3 21. Qd1 Nc5 22. Bd5 Ndxe4 23. Bxe4 Nxe4 24. Rg2 Rg3 25. Rxg3 Nxg3 26. Re1 Qd5 27. Kh2 Nf5 28. Qg4 g6 29. Bd2 Rc8 30. Re2 d3 31. Rf2 e4 32. h4 Re8 33. Qg2 Nxh4 34. Qg4 Nf3+ 35. Kg3 Nxd2 36. Qh3 Qxg5+ 0-1

[Event "HUN-chT2 Maroczy 1112"]
[Site "Hungary"]
[Date "2012.05.20"]
[Round "11"]
[White "Retkes, Peter"]
[Black "Acs, Kristof"]
[Result "1/2-1/2"]
[WhiteElo "1639"]
[BlackElo "1502"]
[PlyCount "95"]
[EventDate "2011.09.25"]
[EventType "team-tourn"]
[EventRounds "11"]
[EventCountry "HUN"]
[SourceTitle "EXT 2016"]
[Source "ChessBase"]
[SourceDate "2015.10.08"]
[SourceVersion "1"]
[SourceVersionDate "2015.10.08"]
[SourceQuality "1"]
[WhiteTeam "Roszke"]
[BlackTeam "Miskolc EMSE"]
[WhiteTeamCountry "HUN"]
[BlackTeamCountry "HUN"]

1. f4 e6 2. Nf3 Nf6 3. b3 Be7 4. e3 0-0 5. Bb2 b6 6. Be2 Bb7 7. 0-0 d5 8. Qe1 Nbd7 9. h3 c5 10. g4 Ne8 11. g5 f6 12. h4 Nc7 13. Qg3 b5 14. d3 a6 15. gxf6 Bxf6 16. Be5 Bxe5 17. fxe5 Qe7 18. Nbd2 h6 19. Nh2 Rxf1+ 20. Rxf1 Rf8 21. Bg4 Rxf1+ 22. Ndxf1 Qf7 23. h5 Nb8 24. Nf3 Nc6 25. a3 a5 26. Qg2 b4 27. a4 Bc8 28. Ng3 Na6 29. Qd2 Qc7 30. d4 cxd4 31. exd4 Ne7 32. Ne2 Qc6 33. Ne1 Nc7 34. Nd3 Na6 35. Nef4 Nc7 36. Nc1 Ba6 37. Ncd3 Bxd3 38. Nxd3 Na6 39. Nf4 Nc7 40. Qd3 Qb6 41. c4 bxc3 42. Qxc3 Kf7 43. Nd3 Na6 44. Nf4 Nc7 45. Qd3 Qc6 46. Qd2 Qb6 47. Qd3 Qc6 48. Qd2 1/2-1/2

[Event "HUN-chT2 Toth 1112"]
[Site "Hungary"]
[Date "2012.04.22"]
[Round "9.11"]
[White "Retkes, Peter"]
[Black "Csibor, Andras"]
[Result "1-0"]
[WhiteElo "1639"]
[BlackElo "1970"]
[PlyCount "67"]
[EventDate "2011.09.25"]
[EventType "team-tourn"]
[EventRounds "11"]
[EventCountry "HUN"]
[SourceTitle "EXT 2013"]
[Source "ChessBase"]
[SourceDate "2012.11.22"]
[SourceVersion "1"]
[SourceVersionDate "2012.11.22"]
[SourceQuality "1"]
[WhiteTeam "Roszke II"]
[BlackTeam "Mako"]
[WhiteTeamCountry "HUN"]
[BlackTeamCountry "HUN"]

1. f4 d5 2. Nf3 e6 3. b3 f5 4. Bb2 Nf6 5. e3 Be7 6. Be2 0-0 7. 0-0 Ne4 8. d3 Nf6 9. h3 c5 10. Ne5 Nc6 11. Nd2 Nxe5 12. Bxe5 Nd7 13. Bb2 Bf6 14. Bxf6 Qxf6 15. Nf3 e5 16. d4 cxd4 17. fxe5 Nxe5 18. Qxd4 Nxf3+ 19. Bxf3 Qxd4 20. exd4 Be6 21. Rae1 Rf6 22. Rxe6 Rxe6 23. Bxd5 Rae8 24. Rxf5 g6 25. Re5 Kf7 26. Bxe6+ Rxe6 27. Rxe6 Kxe6 28. c4 Kf5 29. d5 Ke5 30. Kf2 h5 31. h4 b5 32. Kf3 b4 33. g3 a6 34. Ke3 1-0

[Event "HUN-chT U18"]
[Site "Miskolc"]
[Date "2011.11.04"]
[Round "4.5"]
[White "Retkes, Peter"]
[Black "Lovasz, Evelin"]
[Result "1/2-1/2"]
[WhiteElo "1639"]
[BlackElo "1532"]
[PlyCount "46"]
[EventDate "2011.11.02"]
[EventType "team-swiss"]
[EventRounds "8"]
[EventCountry "HUN"]
[SourceTitle "EXT 2012"]
[Source "ChessBase"]
[SourceDate "2011.11.24"]
[SourceVersion "1"]
[SourceVersionDate "2011.11.24"]
[SourceQuality "1"]
[WhiteTeam "Roszke"]
[BlackTeam "Csepel"]
[WhiteTeamCountry "HUN"]
[BlackTeamCountry "HUN"]

1. f4 e6 2. Nf3 d5 3. b3 Nf6 4. Bb2 c5 5. e3 Bd6 6. Bd3 a6 7. a4 Nc6 8. 0-0 h6 9. Na3 0-0 10. h3 Nh7 11. Bxh7+ Kxh7 12. Ne5 Bxe5 13. fxe5 Qg5 14. Qg4 Qxg4 15. hxg4 d4 16. exd4 cxd4 17. Rae1 Kg6 18. Rf4 Rd8 19. d3 f6 20. Nc4 b5 21. Nb6 Rb8 22. Nxc8 Rbxc8 23. exf6 e5 1/2-1/2

[Event "HUN-chT U18"]
[Site "Miskolc"]
[Date "2011.11.03"]
[Round "2.5"]
[White "Kokeny, Norbert Adrian"]
[Black "Retkes, Peter"]
[Result "1/2-1/2"]
[WhiteElo "1565"]
[BlackElo "1639"]
[PlyCount "83"]
[EventDate "2011.11.02"]
[EventType "team-swiss"]
[EventRounds "8"]
[EventCountry "HUN"]
[SourceTitle "EXT 2012"]
[Source "ChessBase"]
[SourceDate "2011.11.24"]
[SourceVersion "1"]
[SourceVersionDate "2011.11.24"]
[SourceQuality "1"]
[WhiteTeam "Dunaharaszti"]
[BlackTeam "Roszke"]
[WhiteTeamCountry "HUN"]
[BlackTeamCountry "HUN"]

1. d4 Nf6 2. Nf3 d5 3. Bf4 Bf5 4. e3 e6 5. c3 Nbd7 6. Bd3 Bxd3 7. Qxd3 c6 8. Nbd2 Nh5 9. Bg5 f6 10. Bf4 g5 11. Bg3 Nxg3 12. hxg3 f5 13. Ne5 Bd6 14. Nxd7 Qxd7 15. Nf3 Qg7 16. 0-0-0 b5 17. b4 a5 18. a3 g4 19. Ne1 Qa7 20. Nc2 Bf8 21. f3 gxf3 22. gxf3 Bd6 23. g4 fxg4 24. fxg4 Qg7 25. Rdf1 h6 26. Rhg1 axb4 27. axb4 Kd7 28. Kb2 Rhg8 29. Qe2 Qg6 30. Na1 Ra4 31. Qc2 Qxc2+ 32. Nxc2 Ke7 33. Rh1 Rg6 34. Rh3 Ra8 35. Rfh1 Rh8 36. g5 Rxg5 37. Rxh6 Rxh6 38. Rxh6 Kf7 39. Rh7+ Rg7 40. Rh8 Rg8 41. Rh7+ Rg7 42. Rh8 1/2-1/2

[Event "HUN-ch U14"]
[Site "Celldoemoelk"]
[Date "2011.07.03"]
[Round "9"]
[White "Retkes, Peter"]
[Black "Hajos, Roland"]
[Result "1/2-1/2"]
[WhiteElo "1637"]
[BlackElo "1861"]
[PlyCount "78"]
[EventDate "2011.06.27"]
[EventType "swiss"]
[EventRounds "9"]
[EventCountry "HUN"]
[SourceTitle "EXT 2012"]
[Source "ChessBase"]
[SourceDate "2011.11.24"]
[SourceVersion "1"]
[SourceVersionDate "2011.11.24"]
[SourceQuality "1"]

1. d4 Nf6 2. c4 e6 3. Nc3 Bb4 4. Bg5 d6 5. e3 h6 6. Bxf6 Qxf6 7. Nf3 Nd7 8. Bd3 0-0 9. Qc2 e5 10. 0-0-0 Bxc3 11. Qxc3 Re8 12. Qc2 Qe7 13. Nd2 c6 14. Rdg1 Rb8 15. g4 b5 16. h4 bxc4 17. Bxc4 d5 18. Bb3 Nb6 19. g5 h5 20. g6 f6 21. Qd1 Bg4 22. f3 Bd7 23. f4 Bg4 24. Rxg4 hxg4 25. Qxg4 Qe6 26. f5 Qd6 27. Qh5 Kf8 28. Qh8+ Ke7 29. Qxg7+ Kd8 30. Qxa7 Nd7 31. Qa5+ Ke7 32. Qc3 c5 33. dxe5 Nxe5 34. Kb1 c4 35. Bc2 Kf8 36. h5 Ng4 37. Rh3 Nh6 38. e4 Rb4 39. a3 Rb6 1/2-1/2

[Event "HUN-ch U14"]
[Site "Celldoemoelk"]
[Date "2011.07.02"]
[Round "8"]
[White "Retkes, Peter"]
[Black "Marton, Benedek"]
[Result "1-0"]
[WhiteElo "1637"]
[BlackElo "1429"]
[PlyCount "45"]
[EventDate "2011.06.27"]
[EventType "swiss"]
[EventRounds "9"]
[EventCountry "HUN"]
[SourceTitle "EXT 2012"]
[Source "ChessBase"]
[SourceDate "2011.11.24"]
[SourceVersion "1"]
[SourceVersionDate "2011.11.24"]
[SourceQuality "1"]

1. e4 e5 2. f4 Nf6 3. Nc3 Nc6 4. Nf3 d6 5. Bb5 exf4 6. d4 Bd7 7. 0-0 Be7 8. Bxf4 0-0 9. h3 Nb4 10. Bc4 Nxe4 11. Nxe4 d5 12. Bxd5 Nxd5 13. Bd2 h6 14. c4 Nf6 15. Ng3 Bd6 16. Ne2 Ne4 17. Bf4 c6 18. Bxd6 Nxd6 19. b3 Nf5 20. Qd2 Qc7 21. Ne5 Rad8 22. Qd3 Nd6 23. Ng3 1-0

[Event "HUN-ch U14"]
[Site "Celldoemoelk"]
[Date "2011.06.30"]
[Round "6"]
[White "Retkes, Peter"]
[Black "Csati, Oliver"]
[Result "1/2-1/2"]
[WhiteElo "1637"]
[BlackElo "1632"]
[PlyCount "68"]
[EventDate "2011.06.27"]
[EventType "swiss"]
[EventRounds "9"]
[EventCountry "HUN"]
[SourceTitle "EXT 2012"]
[Source "ChessBase"]
[SourceDate "2011.11.24"]
[SourceVersion "1"]
[SourceVersionDate "2011.11.24"]
[SourceQuality "1"]

1. e4 c5 2. Nc3 d6 3. f4 e6 4. Bb5+ Nd7 5. Nf3 a6 6. Bxd7+ Qxd7 7. 0-0 b5 8. h3 Bb7 9. d3 Ne7 10. g4 Nc6 11. Ne2 Be7 12. Ng3 d5 13. e5 g6 14. c3 d4 15. c4 b4 16. Bd2 Qc7 17. a3 Kd7 18. axb4 Nxb4 19. Bxb4 cxb4 20. Kh2 Qb6 21. Qe2 h6 22. Nd2 a5 23. b3 Bc6 24. Nge4 Qd8 25. Qf2 Kc8 26. Rfe1 Bh4 27. Ng3 h5 28. g5 Qb6 29. Nde4 Bxg3+ 30. Kxg3 Bxe4 31. Rxe4 Rd8 32. Ra4 Qc5 33. Re1 Qc7 34. Rea1 Ra7 1/2-1/2